00654nam a2200181 i 450000100060000000300090000600500170001500700030003200800410003510000380007624501160011425000150023026000340024530000220027985200320030199900170033395201220035057504ES-MaACL20230906163606.0t|031016s1972 sp ||||1| spa d1 aDomingo Loren, Victoriano.94514210aY dijo el ángel, no habrá más tiempo b: [20 vaticinios de San Malaquías] / cVictoriano Domingo Loren. a[1ª ed.]. aBarcelona : b[Marte, c1972] a490 p. ; c20 cm. aES-MaACLjC-44804 bR.81019 c57504d57504 00104070aATENEOMbATENEOMcDEPO2d2008-01-17eSCl0oC-44804p1060367r2023-02-23 00:00:00w2023-02-23yMONOGRAFIA